000 01176nam a2200277 a 4500
005 20160115054102.0
008 111111s2007 ck a gr 00010 spa d
015 _ack-2007-xxxx
020 _a9789587019087
040 _aCO-BoBLA
_cCO-BoBLA
_dCO-BoIAVH
041 0 _aspa
043 _as-ck---
044 _ack
082 0 4 _a333.75153
_bG94g
245 0 0 _aGuía metodológica para la restauración ecológica del bosque altoandino /
_ceditor Orlando Vargas.
260 _aBogotá :
_bUniversidad Nacional de Colombia. Facultad de Ciencias Departamento de Biología :
_c2007.
300 _a189 p. :
_bil. ;
_c28 cm.
650 1 4 _aEcología de páramos
_z Embalse de Chisacá (Cundinamarca, Colombia)
650 2 4 _aEcología forestal
_z Embalse de Chisacá (Cundinamarca, Colombia)
650 2 4 _aEcología de embalses
_z Embalse de Chisacá (Cundinamarca, Colombia)
650 4 _aEcosistemas andinos
_z Embalse de Chisacá (Cundinamarca, Colombia)
650 4 _aReforestación
_z Embalse de Chisacá (Cundinamarca, Colombia)
700 1 _aVargas, Orlando,
_eeditor.
942 _2ddc
_cLIBRO
949 _ac
_bc
999 _c17965
_d17965